[Event "ch-USA Junior 2025"]
[Site "Saint Louis USA"]
[Date "2025.07.24"]
[Round "9.3"]
[White "Deviprasath, Sharvesh"]
[Black "Mishra, Abhimanyu"]
[Result "0-1"]
[WhiteTitle "FM"]
[BlackTitle "GM"]
[WhiteElo "2434"]
[BlackElo "2611"]
[WhiteFideId "30938228"]
[BlackFideId "30920019"]
[EventDate "2025.07.15"]

1. e4 c5 2. Nf3 d6 3. d4 cxd4 4. Nxd4 Nf6 5. Nc3 a6 6. Be3 e5 7. Nf3 Qc7 8. a4
Be6 9. a5 Nbd7 10. Nd2 d5 11. exd5 Nxd5 12. Nxd5 Bxd5 13. c3 Bc5 14. Nf3 Nf6 15.
Bxc5 Qxc5 16. Qa4+ Bc6 17. Qc4 Qe7 18. Qb4 Qxb4 19. cxb4 O-O-O 20. Bc4 Nd5 21.
Bxd5 Rxd5 22. O-O e4 23. Ne1 Bb5 24. Nc2 Bxf1 25. Kxf1 Kb8 26. Ra3 Rc8 27. Ne3
Rd2 0-1

[Event "ch-USA Junior 2025"]
[Site "Saint Louis USA"]
[Date "2025.07.24"]
[Round "9.4"]
[White "Chasin, Nico"]
[Black "Sethuraman, Sandeep"]
[Result "1/2-1/2"]
[WhiteTitle "IM"]
[BlackTitle "IM"]
[WhiteElo "2459"]
[BlackElo "2417"]
[WhiteFideId "30908477"]
[BlackFideId "30941091"]
[EventDate "2025.07.15"]

1. d4 d5 2. c4 e6 3. Nc3 Nf6 4. cxd5 exd5 5. Bg5 c6 6. e3 Bd6 7. Bd3 O-O 8. Nge2
Re8 9. h3 Nbd7 10. Qc2 Nf8 11. O-O Ng6 12. Nf4 Bxf4 13. exf4 h6 14. f5 Bxf5 15.
Bxf5 hxg5 16. Bxg6 fxg6 17. Qxg6 Ne4 18. Rad1 Qf6 19. Qh5 g6 20. Qg4 Nxc3 21.
bxc3 Re4 22. Qg3 Rae8 23. Rd3 Kg7 24. Qc7+ R8e7 25. Qb8 b5 26. Re3 Qf4 27. Rxe4
Qxe4 28. a4 bxa4 29. Qb4 Rf7 30. Qxa4 c5 31. Qa1 cxd4 32. cxd4 g4 33. hxg4 Qxg4
34. Re1 Qh4 35. g3 Qf6 36. Re2 Qf3 37. Qe1 Qg4 38. Qd2 Qf3 39. Re3 Qf6 40. Ra3
Re7 41. Kg2 Qf5 42. Ra2 Qe4+ 43. f3 Qb1 44. Rb2 Qa1 45. Qb4 Rf7 46. Qb5 a5 47.
Qe2 Kh7 48. f4 Qa3 49. Rb6 Qc3 50. Qe6 Qc2+ 51. Kh3 Ra7 52. Qxd5 a4 53. Rf6 Qe2
54. Re6 Qh5+ 55. Qxh5+ gxh5 56. Re2 a3 57. Ra2 Kg6 58. d5 Kf5 59. Kh4 Ra8 60. d6
Ke6 61. Kxh5 Rh8+ 62. Kg4 Rg8+ 63. Kf3 Ra8 64. g4 Kxd6 65. g5 Ke6 66. Kg4 Ra4
67. Kh5 Rxf4 68. Rxa3 Kf7 69. Ra7+ Kg8 70. Kg6 Rf8 71. Rg7+ Kh8 72. Rh7+ Kg8 73.
Rg7+ Kh8 74. Rh7+ Kg8 75. Rg7+ Kh8 1/2-1/2

[Event "ch-USA Junior 2025"]
[Site "Saint Louis USA"]
[Date "2025.07.24"]
[Round "9.5"]
[White "Wang, Justin"]
[Black "Rorrer, Grayson"]
[Result "0-1"]
[WhiteTitle "IM"]
[BlackTitle "IM"]
[WhiteElo "2529"]
[BlackElo "2428"]
[WhiteFideId "30911370"]
[BlackFideId "30944996"]
[EventDate "2025.07.15"]

1. e4 e6 2. d4 d5 3. Nc3 Nf6 4. e5 Nfd7 5. f4 c5 6. Nf3 Nc6 7. Be3 a6 8. Ne2 Qb6
9. Qc1 Be7 10. g3 O-O 11. Bh3 cxd4 12. Nexd4 Nc5 13. O-O Qc7 14. c3 Bd7 15. Qc2
Ne4 16. Kh1 Rae8 17. Rae1 Nxd4 18. Nxd4 b5 19. Bg2 Bc8 20. a4 Qb7 21. axb5 axb5
22. Qe2 Bd7 23. f5 exf5 24. Nxf5 Bxf5 25. Rxf5 g6 26. Rff1 f5 27. Rd1 Qc6 28.
Qd3 Rd8 29. Bd4 Bg5 30. Ra1 Qc4 31. Rfd1 Qxd3 32. Rxd3 Ra8 33. Rdd1 Ra4 34. Bf1
Rb8 35. Kg1 Kf7 36. Bd3 Ke6 37. Bc2 Raa8 38. Bd3 Nd2 39. h4 Bh6 40. Bc2 Nc4 41.
Kf2 Nxb2 42. Rdb1 Nc4 43. Bd3 Nxe5 44. Bxe5 Kxe5 45. Rxa8 Rxa8 46. Rxb5 Ra2+ 47.
Be2 Bg7 48. Ke3 Kd6 49. Rb6+ Kc7 50. Rb3 Kd6 51. Rb6+ Kc5 52. Rb7 Bxc3 53. Rc7+
Kd6 54. Rxh7 Be1 55. Rg7 d4+ 56. Kxd4 Rxe2 57. Rxg6+ Re6 58. Rg5 Re4+ 59. Kd3
Ke6 60. h5 Bf2 61. Rg6+ Kf7 62. Rg5 Ke6 63. Rg6+ Kd5 64. h6 Re3+ 65. Kd2 Rxg3
66. h7 Rh3 67. Rg7 Bd4 68. Re7 f4 69. Rf7 Ke4 70. Re7+ Be5 71. Ke2 Kf5 72. Kf2
Bf6 73. Rb7 Kg6 74. Rb4 Bg5 75. h8=N+ Rxh8 76. Kg2 Kf5 77. Rb3 Kg4 78. Rb4 Rd8
79. Kh1 Kg3 80. Rb1 f3 81. Rg1+ Kf2 82. Rg2+ fxg2+ 0-1